00729nam a2200217 a 450000100060000000300080000600500170001400800410003103500190007204000310009104100080012208200260013010000520015624500760020826000450028430000340032950400390036365000230040270000390042583000470046472794BD-RjUL20211209082318.0170523s1961 nyua b 001 0 eng d a(BD-RjUL)73012 aDLC/ICUcICUdBD-RjULbeng aeng00223a581.782bHAP 19611 aHanson, Herbert C.q(Herbert Christian),d1891-14aThe plant community /c[by] Herbert C. Hanson [and] Ethan D. Churchill. aNew York :bReinhold Pub. Corp.,cc1961. axii, 218 p. :bill. ;c24 cm. aIncludes bibliography and indexes. 0aPlant communities.1 aChurchill, Ethan D.ejoint author. aReinhold books in the biological sciences.